[Event "POL-chT4 Kujawsko-Pomorskie 1617"]
[Site "Poland"]
[Date "2017.01.22"]
[Round "6.16"]
[White "Kobus, Maciej"]
[Black "Musial, Adam"]
[Result "0-1"]
[WhiteElo "1910"]
[BlackElo "1755"]
[PlyCount "74"]
[EventDate "2016.11.06"]
[EventType "team-tourn"]
[EventRounds "11"]
[EventCountry "POL"]
[SourceTitle "EXT 2019"]
[Source "ChessBase"]
[SourceDate "2018.10.10"]
[SourceVersion "1"]
[SourceVersionDate "2018.10.10"]
[SourceQuality "1"]

1. d4 d5 2. Nf3 c6 3. Bf4 Nf6 4. e3 e6 5. Bd3 Bd6 6. Bg3 Qc7 7. Nbd2 Nbd7 8. Qe2 Bxg3 9. hxg3 b6 10. c3 Bb7 11. e4 dxe4 12. Nxe4 Nxe4 13. Bxe4 h6 14. 0-0-0 0-0-0 15. Rhe1 Nf6 16. Bc2 c5 17. dxc5 Qxc5 18. Nd4 Kb8 19. f4 Qd5 20. Qe5+ Qxe5 21. fxe5 Ng4 22. Rd2 a6 23. Be4 Kc7 24. Bxb7 Kxb7 25. Re4 h5 26. Rde2 Rd5 27. a4 Rc8 28. Kc2 Rcc5 29. Nf3 Rc7 30. Rd4 Rxd4 31. Nxd4 Rc5 32. Nf3 Rd5 33. c4 Rd7 34. Kc3 Nh6 35. Nd4 Kc7 36. b4 Re7 37. Re4 Nf5 0-1

[Event "POL-chT4 Kujawsko-Pomorskie 1617"]
[Site "Poland"]
[Date "2017.01.09"]
[Round "5"]
[White "Wolanski, Michal"]
[Black "Kobus, Maciej"]
[Result "1-0"]
[WhiteElo "1922"]
[BlackElo "1910"]
[PlyCount "104"]
[EventDate "2016.11.06"]
[EventType "team-tourn"]
[EventRounds "11"]
[EventCountry "POL"]
[SourceTitle "EXT 2019"]
[Source "ChessBase"]
[SourceDate "2018.10.10"]
[SourceVersion "1"]
[SourceVersionDate "2018.10.10"]
[SourceQuality "1"]

1. c4 Nf6 2. Nc3 e6 3. e4 d5 4. e5 d4 5. exf6 dxc3 6. bxc3 Qxf6 7. d4 Nc6 8. Nf3 h6 9. Be2 e5 10. 0-0 Be7 11. Re1 0-0 12. Rb1 Rd8 13. Qb3 exd4 14. cxd4 Nxd4 15. Nxd4 Qxd4 16. Bb2 Qf4 17. Bf3 Bf6 18. g3 Qf5 19. Be4 Qc5 20. Bxf6 gxf6 21. Qf3 c6 22. Qxf6 Qg5 23. Qc3 Qg7 24. Qe3 Qg5 25. Qc3 Qg7 26. Qxg7+ Kxg7 27. c5 Rd7 28. Rb3 Rc7 29. Reb1 Rb8 30. f4 Be6 31. R3b2 Kf6 32. Kf2 Bd5 33. Bd3 Be6 34. a4 Bf5 35. Bxf5 Kxf5 36. Rd2 Re8 37. Rd6 Re6 38. Rbd1 Rce7 39. Rxe6 fxe6 40. Kf3 b6 41. Rd6 Rc7 42. g4+ Kf6 43. f5 bxc5 44. Rxe6+ Kg7 45. Ke4 Rd7 46. Rxc6 Rd4+ 47. Ke5 Rxa4 48. f6+ Kf7 49. Kf5 Ra2 50. Rc7+ Kf8 51. Kg6 Re2 52. Rc8+ Re8 1-0